00944cam a2200301 a 450000100060000000300100000600500170001600700030003300800410003602000150007704000120009204100140010404300120011808200270013008400100015710000350016724501310020225000180033330000300035133600270038133700330040833800280044153400280046965000550049765000350055270000250058770000300061258833CO-BoRNBP20250828160329.0ta040722s1982 espa r 00011dspa d a8402085377 ala cla1 aspa heng aa-ii---04a823.8 bK46s8 219 ed. aC KIP1 aKipling, Rudyard, d1865-1936.13aEl segundo libro de las tierras vírgenes / cRudyard Kiplin ; traducción Ramón D. Perés ; ilustraciones Eduardo Feito. a1a. edición a250 p. : bil. ; c17 cm. 2rdacontentatextobtxt 2rdamediaasin mediaciónbn 2rdacarrieravolumenbnc tThe Second Jungle Book. 7aIndiax Descripciones y viajesv Cuentos.2BLAAUTO 7aLeyendas de animales.2BLAAUTO1 aFeito, Eduardo,eil.1 aPerés, Ramón D.,etr.